00570nam a2200205 a 4500001001300000003000900013005001700022008004100039020002300080082001800103100001800121245005200139260005000191300000900241500003500250505001000285650001200295650003900307700001800346nice12345678IN_TiNIC20260116013104.0050524s1997 cama grp 000 0 eng  a0521301 c85000a305.6297bMAR aFarlow, Louis aHierarchy and Egalitarianism in Islamic Thought aCambridge bCambridge University Press c1997 a198p aincludes index and biblioraphy2 aIndex aMuslims aIslamic-Culture and Egalitarianism1 aFarlow, Louis